000 00685nam a2200241Ia 4500
003 OSt
005 20220918193127.0
006 a|||||r|||| 00| 0
007 ta
008 220917b |||||||| |||| 00| 0 eng d
024 _a71,946
037 _cTextual
040 _aARTS
_cARTS
_beng
041 _2eng
_aeng
082 _aR4:(Y), L8
100 _aFacione Peter A & others
_981082
245 0 _aValues and society
_b an introduction to ethics and social philosophy
260 _aEnglewood
_bCliff Prentice-Hall
_c1978
300 _aviii,294p.
_ccm.
650 _aETHICS
942 _hR4:(Y), L8
_cTEXL
_2CC
999 _c198000
_d198000